000 00846nam a22002177a 4500
999 _c19062
_d19062
003 AR-CdUCM
008 190516b ||||| |||| 00| 0 spa d
040 _aMUNICIPALIDAD PROVINCIAL DEL CUSCO
_cBIBLIOTECA MUNICIPAL DEL CUSCO
082 _a343.204 /
_bL23
100 _aLanda, César
_940146
245 _aDesafíos constitucionales contemporáneos /
260 _aLima :
_bPUCP,
_c1996.
300 _a333 páginas ;
_c22 cm.
505 _aContenido : César Landa. La vigencia de la constitución en américa latina -- Domingo García Belaunde. Proceso constitucional en américa latina -- Domingo García Belaunde. La nueva constitución del Perú ...
650 _aConstitución
_92117
650 _aJusticia
_97448
650 _aPeruana
_925277
700 _aFaúndez, Julio
_940147
942 _2ddc
_cLIBROS
945 _arah
_d2019/05/16